000 00870nam a2200145 4500
001 13984
005 20251213175729.0
010 _a9782375720912
090 _a13984
099 _o0
100 _a20251213d u||y0frey50 ba
200 _a...d'un acteur ... d'un pays
_bLIVR
214 _cL'espace d'un instant
330 _aÀ travers une réflexion sur comment faire du théâtre ici et maintenant, l’acteur vient nous parler comme un récit à l’orée de la grande nuit qui espère le matin. Cette ode à la création artistique nous ouvre un chemin à mesure que l’acteur déploie son récit qui seul devient un théâtre. C’est la parole qui crée par son surgissement, prend l’aspect d’un manifeste et l’acte d’une profession de foi théâtrale portée à nu pour donner à rêver, à espérer, à bâtir un théâtre qui nous parle.
700 _aNiangouna
_bDieudonné